Piles primaires et accumulateurs / (Record no. 63602)

MARC details
000 -LEADER
campo de control de longitud fija 00572nam a2200181 i 4500
001 - NÚMERO DE CONTROL
campo de control 63602
003 - IDENTIFICADOR DE NÚMERO DE CONTROL
campo de control ES-MaACL
005 - FECHA Y HORA DE LA ÚLTIMA TRANSACCIÓN
campo de control 20230906164925.0
007 - CAMPO FIJO DE DESCRIPCIÓN FÍSICA--INFORMACIÓN GENERAL
campo de control de longitud fija t|
008 - DATOS DE LONGITUD FIJA--INFORMACIÓN GENERAL
campo de control de longitud fija 031212s1925 fr ||||1| fre d
100 1# - ENTRADA PRINCIPAL--NOMBRE DE PERSONA
Nombre de persona Fery, Charles.
9 (RLIN) 50619
245 10 - MENCIÓN DEL TÍTULO
Título Piles primaires et accumulateurs /
Mención de responsabilidad, etc. par Charles Fery, Charles Chéneveau, Gaston Paillard.
260 ## - PUBLICACIÓN, DISTRIBUCIÓN, ETC.
Lugar de publicación, distribución, etc. Paris :
Nombre del editor, distribuidor, etc. J.B. Baillière et Fils,
Fecha de publicación, distribución, etc. 1925 (
Fabricante Paul Dupont)
300 ## - DESCRIPCIÓN FÍSICA
Extensión 684 p. :
Otras características físicas il. ;
Dimensiones 23 cm.
700 1# - ENTRADA AGREGADA--NOMBRE PERSONAL
Nombre de persona Chéneveau, Charles.
9 (RLIN) 38334
700 1# - ENTRADA AGREGADA--NOMBRE PERSONAL
Nombre de persona Paillard, Gaston.
9 (RLIN) 88317
852 ## - LOCALIZACIÓN
Ubicación ES-MaACL
Número de control de estantería B-12188
Holdings
Estatus retirado Estado de pérdida Estado de daño No para préstamo Biblioteca de origen Biblioteca actual Ubicación en estantería Fecha de adquisición Fuente de adquisición Total de préstamos Signatura topográfica completa Código de barras Visto por última vez Precio de reemplazo Tipo de ítem Koha
        Biblioteca del Ateneo de Madrid Biblioteca del Ateneo de Madrid Sala Pardo Bazán 17/01/2008     B-12188 1066662 23/02/2023 23/02/2023 Libro impreso